00505nam a2200145Ia 4500008004100000041000800041082001200049100000800061245006700069260002900136300002000165520004300185999001700228952011400245240719s9999 xx 000 0 und d aeng a823 NAT aNAT a32984 Vikramaditya Veergatha The Wrath Of The Hellfires Book 4 aMumbaibJaico Bookc2021 a536.; P. 23 Cm. aGifted By : IMT Faculty Dr. Pawan Jain c41289d41289 00104070aIMTNbIMTNcRack 39-Bd2023-05-06l0o823 NATp32984r2024-07-19 00:00:00w2024-07-19yBKzGifted